| 000 | 00984cam a2200241 i 4500 | ||
|---|---|---|---|
| 999 |
_c3699 _d3699 |
||
| 001 | 4159861 | ||
| 003 | OSt | ||
| 005 | 20240910131625.0 | ||
| 008 | 780216s1977 enkh 000 0 eng | ||
| 010 | _a 78300013 | ||
| 020 | _a9780192810892 | ||
| 040 |
_aDLC _cDLC _dDLC _dKH8 |
||
| 082 | 0 | 0 | _a821.7 BLA |
| 100 | 1 |
_aBlake, William, _d1757-1827. |
|
| 245 | 1 | 0 |
_aSongs of innocence and of experience : _bshewing the two contrary states of the human soul 1789-1794 / _cW. Blake ; [with an introd. and commentary by Geoffrey Keynes. |
| 260 |
_aLondon ; _aNew York : _bOxford University Press, _c1977. |
||
| 300 |
_a155 p. : _bcol. ill ; _c21 cm. |
||
| 520 | _aReproduces the texts and the fifty-four hand-colored etchings of Blake's famous and now much sought-after double volume of lyrics. | ||
| 650 | _aIllustrated works | ||
| 700 | 1 |
_aKeynes, Geoffrey, _d1887-1982. |
|
| 856 | 4 | 2 |
_3Publisher description _uhttp://www.loc.gov/catdir/enhancements/fy0603/78300013-d.html |
| 942 |
_2ddc _cTR |
||